[Event "Wch Blitz 9th"]
[Site "Berlin"]
[Date "2015.10.13"]
[Round "2"]
[White "Zhigalko, Sergei"]
[Black "Ponomariov, Ruslan"]
[Result "1-0"]
[WhiteElo "2656"]
[BlackElo "2710"]
[PlyCount "73"]
[EventDate "2015.10.13"]
[EventType "swiss (blitz)"]
[EventRounds "21"]
[EventCountry "GER"]
[SourceTitle "CBM 168 Extra"]
[Source "ChessBase"]
[SourceDate "2015.10.29"]
[SourceVersion "1"]
[SourceVersionDate "2015.10.29"]
[SourceQuality "1"]

1. e4 c5 2. Nf3 d6 3. d4 cxd4 4. Qxd4 Nc6 5. Bb5 a6 6. Bxc6+ bxc6 7. c4 e5 8. Qd3 Nf6 9. Nc3 Be7 10. Bg5 h6 11. Bxf6 Bxf6 12. O-O-O O-O 13. Qxd6 Qa5 14. Qxc6 Be6 15. Qa4 Qc5 16. Nd5 Rfc8 17. Kb1 Qxf2 18. Rd2 Qc5 19. Rc1 Rab8 20. a3 a5 21. Ka2 Bg5 22. Nxg5 hxg5 23. Rc3 g4 24. h3 gxh3 25. gxh3 g6 26. h4 Kg7 27. Qd1 Rh8 28. Qf3 Rh5 29. Rg2 Kh6 30. Qf6 a4 31. Rg5 Rxg5 32. hxg5+ Kh5 33. Qxe5 Qf2 34. Qxb8 Kxg5 35. Qe5+ Kh6 36. Qh8+ Kg5 37. Qe5+ 1-0

[Event "Wch Blitz 9th"]
[Site "Berlin"]
[Date "2015.10.13"]
[Round "3"]
[White "Dreev, Alexey"]
[Black "Zhigalko, Sergei"]
[Result "1-0"]
[WhiteElo "2644"]
[BlackElo "2656"]
[PlyCount "58"]
[EventDate "2015.10.13"]
[EventType "swiss (blitz)"]
[EventRounds "21"]
[EventCountry "GER"]
[SourceTitle "CBM 168 Extra"]
[Source "ChessBase"]
[SourceDate "2015.10.29"]
[SourceVersion "1"]
[SourceVersionDate "2015.10.29"]
[SourceQuality "1"]

1. d4 Nf6 2. c4 e6 3. Nc3 Bb4 4. Qc2 O-O 5. Nf3 c5 6. dxc5 Na6 7. g3 Nxc5 8. Bg2 b6 9. O-O Bb7 10. Nb5 Be4 11. Qd1 Nb7 12. Bf4 d5 13. a3 Be7 14. Nc3 Rc8 15. cxd5 Bxd5 16. Nxd5 Nxd5 17. Be5 Nd6 18. Qa4 Nc4 19. Bd4 Bf6 20. Rad1 Nxb2 21. Bxb2 Bxb2 22. Qxa7 Qf6 23. Rd3 Ra8 24. Qb7 Rfb8 25. Qd7 Rd8 26. Qb5 Rxa3 27. Rd2 Bc3 28. Rd3 Ra5 29. Qb3 Rc8 1-0

[Event "Wch Blitz 9th"]
[Site "Berlin"]
[Date "2015.10.13"]
[Round "4"]
[White "Zhigalko, Sergei"]
[Black "Morozevich, Alexander"]
[Result "1-0"]
[WhiteElo "2656"]
[BlackElo "2711"]
[PlyCount "107"]
[EventDate "2015.10.13"]
[EventType "swiss (blitz)"]
[EventRounds "21"]
[EventCountry "GER"]
[SourceTitle "CBM 168 Extra"]
[Source "ChessBase"]
[SourceDate "2015.10.29"]
[SourceVersion "1"]
[SourceVersionDate "2015.10.29"]
[SourceQuality "1"]

1. e4 e5 2. Nf3 Nc6 3. Bb5 a6 4. Ba4 g6 5. O-O Bg7 6. c3 Nge7 7. d4 exd4 8. cxd4 b5 9. Bc2 O-O 10. Nc3 d6 11. h3 h6 12. Be3 f5 13. exf5 Bxf5 14. d5 Nb4 15. Bxf5 Rxf5 16. Nh4 Rf7 17. a3 Bxc3 18. bxc3 Nbxd5 19. Bxh6 Qd7 20. Qd3 Kh7 21. Bd2 Raf8 22. Nxg6 Nxg6 23. Qxd5 Qf5 24. Qxf5 Rxf5 25. a4 Ne5 26. axb5 axb5 27. Rae1 R8f7 28. Re4 d5 29. Rh4+ Kg8 30. Be3 Rg7 31. Kh2 Nd3 32. Bd4 Rh7 33. Rg4+ Kf7 34. Rd1 Nf4 35. Be3 Ne6 36. Ra1 Kf6 37. Ra6 Rd7 38. Rh4 Rd6 39. Rxd6 cxd6 40. Rb4 Re5 41. Rxb5 Re4 42. Rb4 Rc4 43. Rxc4 dxc4 44. g4 Ke5 45. f3 d5 46. Kg3 d4 47. cxd4+ Nxd4 48. h4 c3 49. h5 c2 50. h6 Ne2+ 51. Kf2 Nc3 52. h7 Nd1+ 53. Ke2 Nxe3 54. h8=Q+ 1-0

[Event "Wch Blitz 9th"]
[Site "Berlin"]
[Date "2015.10.13"]
[Round "5"]
[White "Iturrizaga Bonelli, Eduardo"]
[Black "Zhigalko, Sergei"]
[Result "0-1"]
[WhiteElo "2641"]
[BlackElo "2656"]
[PlyCount "66"]
[EventDate "2015.10.13"]
[EventType "swiss (blitz)"]
[EventRounds "21"]
[EventCountry "GER"]
[SourceTitle "CBM 168 Extra"]
[Source "ChessBase"]
[SourceDate "2015.10.29"]
[SourceVersion "1"]
[SourceVersionDate "2015.10.29"]
[SourceQuality "1"]

1. Nf3 d5 2. c4 d4 3. b4 Bg4 4. Qb3 Nf6 5. g3 e6 6. Bg2 c6 7. Bb2 Bxf3 8. Bxf3 Be7 9. O-O O-O 10. d3 e5 11. Nd2 a5 12. a3 Na6 13. c5 Nd5 14. Bxd5 Qxd5 15. Nc4 axb4 16. axb4 Nc7 17. Qc2 Qe6 18. Nb6 Rxa1 19. Rxa1 Na6 20. Qa4 h5 21. Ba3 h4 22. Qd1 Nc7 23. Bc1 Nb5 24. Bd2 e4 25. dxe4 Qxe4 26. Be1 Nc3 27. Bxc3 dxc3 28. Qd3 Qxb4 29. Rb1 Qa3 30. Nc4 Qxc5 31. Rxb7 Bf6 32. gxh4 Rd8 33. Qe4 Qd5 0-1

[Event "Wch Blitz 9th"]
[Site "Berlin"]
[Date "2015.10.13"]
[Round "6"]
[White "Zhigalko, Sergei"]
[Black "Korobov, Anton"]
[Result "1/2-1/2"]
[WhiteElo "2656"]
[BlackElo "2700"]
[PlyCount "53"]
[EventDate "2015.10.13"]
[EventType "swiss (blitz)"]
[EventRounds "21"]
[EventCountry "GER"]
[SourceTitle "CBM 168 Extra"]
[Source "ChessBase"]
[SourceDate "2015.10.29"]
[SourceVersion "1"]
[SourceVersionDate "2015.10.29"]
[SourceQuality "1"]

1. e4 e6 2. d4 d5 3. e5 c5 4. c3 Nc6 5. Nf3 Bd7 6. Be2 Nh6 7. O-O Nf5 8. Bd3 cxd4 9. Bxf5 exf5 10. Nxd4 Be7 11. Re1 O-O 12. Nf3 Be6 13. Be3 Qc7 14. Nbd2 h6 15. Nb3 Nxe5 16. Nxe5 Qxe5 17. Bxa7 Qc7 18. Bd4 Bd6 19. h3 f4 20. Qh5 Qc8 21. Be5 Bxe5 22. Rxe5 Qc4 23. Qf3 Ra6 24. Nd2 Qb5 25. Nb3 Qc4 26. Nd2 Qb5 27. Nb3 1/2-1/2

[Event "Wch Blitz 9th"]
[Site "Berlin"]
[Date "2015.10.13"]
[Round "7"]
[White "Tomashevsky, Evgeny"]
[Black "Zhigalko, Sergei"]
[Result "1/2-1/2"]
[WhiteElo "2758"]
[BlackElo "2656"]
[PlyCount "99"]
[EventDate "2015.10.13"]
[EventType "swiss (blitz)"]
[EventRounds "21"]
[EventCountry "GER"]
[SourceTitle "CBM 168 Extra"]
[Source "ChessBase"]
[SourceDate "2015.10.29"]
[SourceVersion "1"]
[SourceVersionDate "2015.10.29"]
[SourceQuality "1"]

1. c4 e5 2. Nc3 Nf6 3. Nf3 Nc6 4. g3 Bb4 5. Bg2 O-O 6. O-O d6 7. d3 h6 8. Bd2 Bc5 9. Na4 a5 10. e3 Bf5 11. Bc3 Ba7 12. h3 Qd7 13. Kh2 Rfe8 14. b3 Bh7 15. d4 Rad8 16. a3 exd4 17. Nxd4 Nxd4 18. Bxd4 Bxd4 19. Qxd4 Be4 20. f3 c5 21. Qd2 Bc6 22. Nb6 Qc7 23. Nd5 Bxd5 24. cxd5 b5 25. e4 b4 26. axb4 axb4 27. Qd3 Ra8 28. f4 Nd7 29. Rxa8 Rxa8 30. e5 Ra2 31. e6 Nf6 32. Re1 fxe6 33. dxe6 Qe7 34. Re2 Rxe2 35. Qxe2 d5 36. f5 Qd6 37. Qd3 Kf8 38. Kg1 Ke7 39. Kf2 c4 40. Qd4 Qc7 41. bxc4 dxc4 42. Bf1 c3 43. Qxb4+ Qd6 44. Qxd6+ Kxd6 45. Bd3 Nd5 46. Ke2 Ke5 47. g4 Kf6 48. Be4 Nf4+ 49. Ke3 Nxh3 50. Bc2 1/2-1/2

[Event "Wch Blitz 9th"]
[Site "Berlin"]
[Date "2015.10.13"]
[Round "8"]
[White "Zhigalko, Sergei"]
[Black "Ghaem Maghami, Ehsan"]
[Result "0-1"]
[WhiteElo "2656"]
[BlackElo "2596"]
[PlyCount "164"]
[EventDate "2015.10.13"]
[EventType "swiss (blitz)"]
[EventRounds "21"]
[EventCountry "GER"]
[SourceTitle "CBM 168 Extra"]
[Source "ChessBase"]
[SourceDate "2015.10.29"]
[SourceVersion "1"]
[SourceVersionDate "2015.10.29"]
[SourceQuality "1"]

1. e4 c6 2. d4 d5 3. e5 Bf5 4. Nf3 e6 5. Be2 Nd7 6. O-O Rc8 7. Nbd2 a6 8. Re1 Bg6 9. c4 Ne7 10. c5 Nf5 11. b4 Be7 12. Nb3 O-O 13. Bd3 Re8 14. h3 f6 15. Bf4 fxe5 16. Nxe5 Nxe5 17. Bxe5 Bf6 18. Qd2 Qd7 19. Re2 Rf8 20. Rae1 Bh5 21. f3 Nh4 22. Rf1 Bg6 23. Nc1 Rce8 24. Kh1 Bf5 25. Qe1 Ng6 26. Bxf5 exf5 27. Bxf6 Rxe2 28. Qxe2 Rxf6 29. Re1 Kf7 30. Nd3 Re6 31. Qd2 Qe7 32. Rxe6 Qxe6 33. Kg1 h6 34. Kf2 Qf6 35. Qc3 f4 36. a4 Kf8 37. Kf1 Qe7 38. Qd2 Qf6 39. Qb2 Qe7 40. Qe2 Qf6 41. Qf2 Qf5 42. Qe2 Qf6 43. Qb2 Qf5 44. Qc3 Nh4 45. Qd2 Ng6 46. Kf2 Qf6 47. Qc3 Qh4+ 48. Kf1 Qe7 49. Qd2 Qf6 50. Nf2 h5 51. Qd3 Nh4 52. Qd2 g5 53. b5 axb5 54. axb5 Nf5 55. Qa5 Qe6 56. Qd8+ Kf7 57. Qc7+ Kg6 58. Qe5 Qxe5 59. dxe5 cxb5 60. Nd3 Ne7 61. h4 Nc6 62. Kf2 Kf5 63. hxg5 Kxg5 64. g3 fxg3+ 65. Kxg3 b4 66. f4+ Kf5 67. Nc1 Nd4 68. Kh4 b3 69. Nd3 Ke4 70. Nb2 Kxf4 71. Kxh5 Kxe5 72. Kg5 Ke4 73. Kf6 Nc6 74. Ke6 d4 75. Kd6 d3 76. Kc7 d2 77. Kxb7 Nb4 78. c6 Nxc6 79. Kxc6 Kd4 80. Kb5 Kc3 81. Nd1+ Kc2 82. Ne3+ Kc1 0-1

[Event "Wch Blitz 9th"]
[Site "Berlin"]
[Date "2015.10.13"]
[Round "9"]
[White "Alekseev, Evgeny V"]
[Black "Zhigalko, Sergei"]
[Result "0-1"]
[WhiteElo "2642"]
[BlackElo "2656"]
[PlyCount "70"]
[EventDate "2015.10.13"]
[EventType "swiss (blitz)"]
[EventRounds "21"]
[EventCountry "GER"]
[SourceTitle "CBM 168 Extra"]
[Source "ChessBase"]
[SourceDate "2015.10.29"]
[SourceVersion "1"]
[SourceVersionDate "2015.10.29"]
[SourceQuality "1"]

1. e4 c5 2. Nf3 Nc6 3. d4 cxd4 4. Nxd4 Nf6 5. Nc3 e5 6. Ndb5 d6 7. Bg5 a6 8. Na3 b5 9. Nd5 Be7 10. Bxf6 Bxf6 11. c4 b4 12. Nc2 O-O 13. g3 a5 14. Bg2 Bg5 15. O-O Ne7 16. Nde3 Bxe3 17. Nxe3 Be6 18. Qd2 Qc7 19. h4 Nc6 20. Nf5 Rfd8 21. b3 a4 22. h5 Ra5 23. Rad1 h6 24. Kh2 axb3 25. axb3 Ra3 26. Rb1 f6 27. f4 Qf7 28. Qd1 Ra2 29. Kh1 Kh7 30. Qe1 Qxh5+ 31. Kg1 Bxf5 32. exf5 Nd4 33. Rf2 Ne2+ 34. Kf1 Nxg3+ 35. Kg1 Rxf2 0-1

[Event "Wch Blitz 9th"]
[Site "Berlin"]
[Date "2015.10.14"]
[Round "12"]
[White "Zhigalko, Sergei"]
[Black "Pavlidis, Antonios"]
[Result "1-0"]
[WhiteElo "2656"]
[BlackElo "2522"]
[PlyCount "127"]
[EventDate "2015.10.13"]
[EventType "swiss (blitz)"]
[EventRounds "21"]
[EventCountry "GER"]
[SourceTitle "CBM 168 Extra"]
[Source "ChessBase"]
[SourceDate "2015.10.29"]
[SourceVersion "1"]
[SourceVersionDate "2015.10.29"]
[SourceQuality "1"]

1. e4 e5 2. Nf3 Nc6 3. Bb5 a6 4. Ba4 d6 5. O-O Bg4 6. h3 h5 7. Bxc6+ bxc6 8. d4 Bxf3 9. Qxf3 exd4 10. c3 dxc3 11. Nxc3 Qf6 12. Qd3 Ne7 13. Be3 Ng6 14. f4 Be7 15. Qc4 d5 16. exd5 O-O 17. dxc6 Bd6 18. Ne4 Qe7 19. Rfe1 Rfe8 20. Nxd6 Qxd6 21. Re2 Re6 22. f5 Ne5 23. Qc5 Nf3+ 24. Kf2 Qxc5 25. Bxc5 Rxc6 26. Be3 Ne5 27. Rd1 Rf6 28. Kg1 Rxf5 29. Kh2 g6 30. Bd4 Nc6 31. Bc3 a5 32. Rd7 Nb4 33. Red2 Kh7 34. a3 Na2 35. Bd4 c5 36. Be3 Re8 37. Bg1 Nc1 38. Rc7 Nb3 39. Rf2 Rxf2 40. Bxf2 Re2 41. Bh4 Rxb2 42. Rxf7+ Kg8 43. Rb7 a4 44. Ra7 Nd4 45. Bf6 Rf2 46. Bxd4 cxd4 47. Rxa4 d3 48. Rd4 d2 49. Kg3 Re2 50. Kf3 Re5 51. Rxd2 Ra5 52. Ra2 Ra4 53. Ke3 g5 54. Kd3 Kf7 55. Kc3 g4 56. Kb3 Ra8 57. hxg4 hxg4 58. a4 Ke6 59. a5 Kd5 60. a6 Rb8+ 61. Kc3 Ke4 62. a7 Ra8 63. Kb4 Kf4 64. Kb5 1-0

[Event "Wch Blitz 9th"]
[Site "Berlin"]
[Date "2015.10.14"]
[Round "13"]
[White "Demuth, Adrien"]
[Black "Zhigalko, Sergei"]
[Result "0-1"]
[WhiteElo "2545"]
[BlackElo "2656"]
[PlyCount "46"]
[EventDate "2015.10.13"]
[EventType "swiss (blitz)"]
[EventRounds "21"]
[EventCountry "GER"]
[SourceTitle "CBM 168 Extra"]
[Source "ChessBase"]
[SourceDate "2015.10.29"]
[SourceVersion "1"]
[SourceVersionDate "2015.10.29"]
[SourceQuality "1"]

1. Nf3 d5 2. c4 d4 3. b4 Bg4 4. Qb3 Nf6 5. g3 Nbd7 6. Bg2 e5 7. O-O a5 8. bxa5 Nc5 9. Qc2 e4 10. Ne5 Bxe2 11. Re1 d3 12. Qc3 Bd6 13. Ba3 O-O 14. g4 Na4 15. Qb3 Bxe5 16. Qxa4 Nxg4 17. h3 Qh4 18. Bc5 Bxa1 19. Nc3 Bxc3 20. dxc3 Ne5 21. Bxf8 Rxf8 22. c5 Nf3+ 23. Bxf3 Bxf3 0-1

[Event "Wch Blitz 9th"]
[Site "Berlin"]
[Date "2015.10.14"]
[Round "14"]
[White "Zhigalko, Sergei"]
[Black "Nguyen, Ngoc Truong Son"]
[Result "1-0"]
[WhiteElo "2656"]
[BlackElo "2634"]
[PlyCount "125"]
[EventDate "2015.10.13"]
[EventType "swiss (blitz)"]
[EventRounds "21"]
[EventCountry "GER"]
[SourceTitle "CBM 168 Extra"]
[Source "ChessBase"]
[SourceDate "2015.10.29"]
[SourceVersion "1"]
[SourceVersionDate "2015.10.29"]
[SourceQuality "1"]

1. e4 e5 2. Nf3 Nc6 3. Bb5 a6 4. Ba4 Nf6 5. O-O Be7 6. Re1 b5 7. Bb3 d6 8. c3 O-O 9. h3 Nb8 10. d4 Nbd7 11. c4 Bb7 12. Nc3 b4 13. Nd5 a5 14. Ba4 c6 15. Nxf6+ Bxf6 16. Be3 Qc7 17. d5 c5 18. Bc2 Nb6 19. Bd3 a4 20. Qe2 Qe7 21. Rf1 g6 22. Nh2 Bg7 23. g4 Bc8 24. f3 f5 25. gxf5 gxf5 26. exf5 Bxf5 27. Ng4 Bxd3 28. Qxd3 Rxf3 29. Nh6+ Kh8 30. Rxf3 e4 31. Rf7 exd3 32. Rxe7 Bxb2 33. Rf1 Bg7 34. Nf7+ Kg8 35. Nh6+ Kh8 36. Nf7+ Kg8 37. Ng5 Nxc4 38. Ne6 Be5 39. Bh6 d2 40. Kf2 b3 41. Rg1+ Kh8 42. Bg7+ Bxg7 43. Rgxg7 Rf8+ 44. Ke2 d1=Q+ 45. Kxd1 Ne3+ 46. Ke2 Nf5 47. Rxh7+ Kg8 48. Rhg7+ Nxg7 49. Rxg7+ Kh8 50. axb3 axb3 51. Rb7 Rf5 52. Rxb3 Rxd5 53. Re3 Kh7 54. Kf3 Rf5+ 55. Kg4 Rf6 56. Nf4 Kg8 57. h4 Kf7 58. h5 Rh6 59. Kg5 Rh8 60. Ra3 Rg8+ 61. Kf5 Rc8 62. Ra7+ Kg8 63. h6 1-0

[Event "Wch Blitz 9th"]
[Site "Berlin"]
[Date "2015.10.14"]
[Round "15"]
[White "Edouard, Romain"]
[Black "Zhigalko, Sergei"]
[Result "0-1"]
[WhiteElo "2636"]
[BlackElo "2656"]
[PlyCount "86"]
[EventDate "2015.10.13"]
[EventType "swiss (blitz)"]
[EventRounds "21"]
[EventCountry "GER"]
[SourceTitle "CBM 168 Extra"]
[Source "ChessBase"]
[SourceDate "2015.10.29"]
[SourceVersion "1"]
[SourceVersionDate "2015.10.29"]
[SourceQuality "1"]

1. Nf3 d5 2. b3 Nf6 3. Bb2 e6 4. g3 Be7 5. Bg2 O-O 6. O-O c5 7. e3 Nc6 8. d4 b6 9. Nbd2 Bb7 10. Ne5 Rc8 11. f4 b5 12. g4 c4 13. bxc4 bxc4 14. g5 Ne8 15. c3 Nd6 16. Rb1 Rb8 17. Ba3 Nf5 18. Rxb7 Rxb7 19. Nxc6 Qc7 20. Nxe7+ Nxe7 21. e4 Qa5 22. Bxe7 Rxe7 23. Qc2 Rb8 24. f5 exf5 25. exd5 Re2 26. Qxf5 Rf8 27. Nxc4 Qxa2 28. Be4 g6 29. Qf3 Rxe4 30. Qxe4 Qxc4 31. Qf3 a5 32. d6 Qe6 33. Qf6 Qg4+ 34. Kh1 a4 35. Qf3 Qxg5 36. c4 Qa5 37. Qa3 Rd8 38. c5 Qa8+ 39. Qf3 Qa7 40. Qf6 Rf8 41. c6 a3 42. d7 Qc7 43. Qe7 Qxc6+ 0-1

[Event "Wch Blitz 9th"]
[Site "Berlin"]
[Date "2015.10.14"]
[Round "18"]
[White "Zhigalko, Sergei"]
[Black "Andreikin, Dmitry"]
[Result "1/2-1/2"]
[WhiteElo "2656"]
[BlackElo "2720"]
[PlyCount "102"]
[EventDate "2015.10.13"]
[EventType "swiss (blitz)"]
[EventRounds "21"]
[EventCountry "GER"]
[SourceTitle "CBM 168 Extra"]
[Source "ChessBase"]
[SourceDate "2015.10.29"]
[SourceVersion "1"]
[SourceVersionDate "2015.10.29"]
[SourceQuality "1"]

1. e4 c5 2. Nf3 e6 3. c3 Nf6 4. e5 Nd5 5. Bc4 Nb6 6. Bb3 Nc6 7. d4 cxd4 8. cxd4 d6 9. exd6 Bxd6 10. O-O O-O 11. Nc3 Ne7 12. Qe2 Bd7 13. Ne5 Bxe5 14. dxe5 Bc6 15. Bg5 Qe8 16. Rad1 Nbd5 17. Rd3 Ng6 18. Bxd5 exd5 19. Re1 Qe6 20. Qd2 Rae8 21. Rg3 Qf5 22. Be3 Rxe5 23. Bxa7 Rfe8 24. Rxe5 Nxe5 25. b3 h5 26. Bd4 h4 27. Rg5 Qd3 28. Rxg7+ Kf8 29. Qxd3 Nxd3 30. g4 Nf4 31. Kf1 Ne6 32. Rh7 Nxd4 33. Rxh4 Nf3 34. Rh8+ Ke7 35. Rxe8+ Kxe8 36. h3 d4 37. Nd1 Bb5+ 38. Kg2 Be2 39. Nb2 Ne1+ 40. Kg3 b5 41. f4 Nd3 42. Nxd3 Bxd3 43. a4 b4 44. a5 Bc4 45. bxc4 Kd7 46. a6 Kc7 47. g5 b3 48. a7 Kb7 49. f5 b2 50. g6 fxg6 51. fxg6 b1=Q 1/2-1/2

[Event "Wch Blitz 9th"]
[Site "Berlin"]
[Date "2015.10.14"]
[Round "19"]
[White "Kovalenko, Igor"]
[Black "Zhigalko, Sergei"]
[Result "1-0"]
[WhiteElo "2700"]
[BlackElo "2656"]
[PlyCount "185"]
[EventDate "2015.10.13"]
[EventType "swiss (blitz)"]
[EventRounds "21"]
[EventCountry "GER"]
[SourceTitle "CBM 168 Extra"]
[Source "ChessBase"]
[SourceDate "2015.10.29"]
[SourceVersion "1"]
[SourceVersionDate "2015.10.29"]
[SourceQuality "1"]

1. d4 Nf6 2. Nf3 e6 3. e3 b6 4. Bd3 Bb7 5. O-O d5 6. b3 Bd6 7. c4 O-O 8. cxd5 exd5 9. Ba3 c5 10. Nc3 Nbd7 11. Rc1 Re8 12. Bb2 Rc8 13. Qe2 c4 14. Bf5 a6 15. a4 cxb3 16. Qd1 g6 17. Bd3 Ne4 18. Qxb3 Ndf6 19. Ba3 Bb8 20. h3 h5 21. Rfe1 Kg7 22. Ne2 Nd6 23. Bxd6 Qxd6 24. Rxc8 Rxc8 25. Rb1 Bc7 26. Ne5 Re8 27. Qb4 Qxb4 28. Rxb4 Kf8 29. Rb1 Ke7 30. Rc1 Bd6 31. Nf4 Rc8 32. Rb1 Bc7 33. g4 hxg4 34. hxg4 Nd7 35. Nxd7 Kxd7 36. Ne2 Bd8 37. Kg2 Rc6 38. Rh1 Ke7 39. Rh7 Bc7 40. Rh8 Bd6 41. f4 Rc8 42. Rh1 Re8 43. Rb1 Bc7 44. g5 Ra8 45. Ng1 Bc6 46. Rc1 Kd7 47. Ra1 a5 48. Nf3 Rc8 49. Ba6 Re8 50. Kf2 Bd6 51. Ne5+ Bxe5 52. fxe5 Rh8 53. Kg3 Rh5 54. Kg4 Rh2 55. Kg3 Rb2 56. Rf1 Ke7 57. Rc1 Bxa4 58. Rc7+ Kf8 59. Bc8 Be8 60. Bb7 Rb5 61. Kf4 a4 62. e4 dxe4 63. Bxe4 a3 64. Ra7 Ra5 65. Rxa5 bxa5 66. Bd5 Ba4 67. Ke3 Bc2 68. Kd2 Bf5 69. Bc4 Ke7 70. d5 Bd7 71. Kc1 Ba4 72. Kb1 Kd7 73. Ka2 Ke7 74. Kxa3 Bd7 75. Kb3 Be8 76. Kc3 Bd7 77. Kd4 Be8 78. Kc5 Bd7 79. Bb5 Bf5 80. Bc4 Bd7 81. Bb5 Bf5 82. Ba4 Be4 83. Bb3 Bd3 84. Kb6 a4 85. Bxa4 Be4 86. Kc5 Bf5 87. Bc6 Bc8 88. Kb6 Kd8 89. Bb5 Bf5 90. Bc4 Bg4 91. Kc6 Ke7 92. Kc7 Bd7 93. d6+ 1-0

[Event "Wch Blitz 9th"]
[Site "Berlin"]
[Date "2015.10.14"]
[Round "20"]
[White "Zhigalko, Sergei"]
[Black "Khairullin, Ildar"]
[Result "0-1"]
[WhiteElo "2656"]
[BlackElo "2652"]
[PlyCount "48"]
[EventDate "2015.10.13"]
[EventType "swiss (blitz)"]
[EventRounds "21"]
[EventCountry "GER"]
[SourceTitle "CBM 168 Extra"]
[Source "ChessBase"]
[SourceDate "2015.10.29"]
[SourceVersion "1"]
[SourceVersionDate "2015.10.29"]
[SourceQuality "1"]

1. e4 d6 2. d4 Nf6 3. Nc3 e5 4. Nf3 Nbd7 5. Bc4 Be7 6. O-O O-O 7. a4 c6 8. Re1 exd4 9. Nxd4 Ne5 10. Bf1 Re8 11. Bf4 Bf8 12. Qd2 Ng6 13. Bg3 Nh5 14. Bc4 Nxg3 15. hxg3 Qa5 16. Rad1 Bd7 17. Bb3 Rad8 18. f4 Bg4 19. Nf3 Qh5 20. Qf2 b6 21. Rd3 d5 22. exd5 Bxf3 23. Rxe8 Rxe8 24. Qxf3 Bc5+ 0-1

[Event "Wch Blitz 9th"]
[Site "Berlin"]
[Date "2015.10.14"]
[Round "21"]
[White "Matlakov, Maxim"]
[Black "Zhigalko, Sergei"]
[Result "1-0"]
[WhiteElo "2689"]
[BlackElo "2656"]
[PlyCount "85"]
[EventDate "2015.10.13"]
[EventType "swiss (blitz)"]
[EventRounds "21"]
[EventCountry "GER"]
[SourceTitle "CBM 168 Extra"]
[Source "ChessBase"]
[SourceDate "2015.10.29"]
[SourceVersion "1"]
[SourceVersionDate "2015.10.29"]
[SourceQuality "1"]

1. d4 Nf6 2. Nf3 e6 3. Bf4 d5 4. e3 Bd6 5. Bxd6 Qxd6 6. c4 O-O 7. Nc3 b6 8. cxd5 exd5 9. Bd3 c5 10. O-O Bg4 11. Be2 Nbd7 12. h3 Bf5 13. Rc1 Rfe8 14. Nb5 Qb8 15. Nc3 Qd6 16. Nb5 Qb8 17. Nc3 Be6 18. Ng5 Qb7 19. Bf3 Rad8 20. e4 cxd4 21. exd5 Bf5 22. d6 Qb8 23. Qxd4 Ne5 24. Rfd1 h6 25. Nge4 Nxf3+ 26. gxf3 Nxe4 27. fxe4 Bxh3 28. Rd3 Bg4 29. e5 Re6 30. Rg3 h5 31. Nd5 f6 32. Rxg4 hxg4 33. Qxg4 Rxe5 34. Nxf6+ Kf7 35. Rc7+ Kxf6 36. Qxg7+ Kf5 37. Qf7+ Ke4 38. Rc4+ Kd3 39. Rc3+ Ke2 40. Qf3+ Ke1 41. Rc1+ Kd2 42. Qc3+ Ke2 43. Re1# 1-0

[Event "Al Ain op 4th"]
[Site "Al Ain"]
[Date "2015.12.23"]
[Round "1"]
[White "Abdulov, Orkhan Javanshir"]
[Black "Zhigalko, Sergei"]
[Result "1/2-1/2"]
[WhiteElo "2356"]
[BlackElo "2655"]
[PlyCount "124"]
[EventDate "2015.12.23"]
[EventType "swiss"]
[EventRounds "9"]
[EventCountry "UAE"]
[SourceTitle "CBM 170 Extra"]
[Source "ChessBase"]
[SourceDate "2016.02.25"]
[SourceVersion "1"]
[SourceVersionDate "2016.02.25"]
[SourceQuality "1"]

1. e4 c5 2. Nf3 d6 3. d4 cxd4 4. Nxd4 Nf6 5. Nc3 a6 6. Be3 e6 7. Be2 Nbd7 8. f4 b5 9. Bf3 Bb7 10. e5 Bxf3 11. Qxf3 dxe5 12. Nc6 Qc7 13. Nxe5 Rc8 14. Nxd7 Qxd7 15. O-O Be7 16. Rad1 Qc6 17. a3 O-O 18. Rd3 Qxf3 19. Rxf3 Rc4 20. h3 Rfc8 21. Bd4 h5 22. Be5 g6 23. g3 Ne8 24. Rd7 Kf8 25. Rfd3 f6 26. Bd4 Rxd4 27. R3xd4 Bc5 28. Kf1 Bxd4 29. Rxd4 Ke7 30. a4 Nd6 31. axb5 axb5 32. Rb4 Rc5 33. Ke2 h4 34. gxh4 Rh5 35. Kf3 Kd7 36. Ne4 Nxe4 37. Rxe4 Rxh4 38. Kg3 Rh5 39. Rd4+ Kc6 40. Rd8 g5 41. Rf8 gxf4+ 42. Kxf4 e5+ 43. Kg4 Rg5+ 44. Kf3 Rf5+ 45. Ke3 Rf1 46. h4 f5 47. Ke2 Rf4 48. h5 Kd5 49. h6 Rh4 50. Rxf5 Rxh6 51. Rf2 b4 52. Rg2 Rh3 53. Rg4 e4 54. Rg2 Kd4 55. Kd2 Rf3 56. Rh2 Rg3 57. Ke2 b3 58. c3+ Ke5 59. Rh5+ Kf4 60. Rh4+ Kf5 61. Rh5+ Kf4 62. Rh4+ Kf5 1/2-1/2

[Event "Al Ain op 4th"]
[Site "Al Ain"]
[Date "2015.12.24"]
[Round "2"]
[White "Zhigalko, Sergei"]
[Black "Danielyan, Vahe"]
[Result "1-0"]
[WhiteElo "2655"]
[BlackElo "2307"]
[PlyCount "87"]
[EventDate "2015.12.23"]
[EventType "swiss"]
[EventRounds "9"]
[EventCountry "UAE"]
[SourceTitle "CBM 170 Extra"]
[Source "ChessBase"]
[SourceDate "2016.02.25"]
[SourceVersion "1"]
[SourceVersionDate "2016.02.25"]
[SourceQuality "1"]

1. d4 d6 2. e4 Nf6 3. Nc3 e5 4. Nf3 Nbd7 5. Bc4 Be7 6. O-O O-O 7. a4 c6 8. Re1 h6 9. h3 Qc7 10. Nh4 Re8 11. Be3 Bf8 12. Ba2 exd4 13. Bxd4 c5 14. Be3 c4 15. Qd4 Ne5 16. Rad1 a6 17. f4 Nc6 18. Qxc4 Be6 19. Nd5 Qd8 20. Nf3 Rc8 21. c3 Qa5 22. Qb3 b5 23. axb5 axb5 24. Bb1 Kh8 25. Qc2 Bxd5 26. exd5 Ne7 27. Bd4 Nexd5 28. g4 Qa4 29. Qf5 Kg8 30. Bc2 Qa8 31. Nh4 g6 32. Nxg6 fxg6 33. Qxg6+ Bg7 34. Bb3 Rxe1+ 35. Rxe1 Rc4 36. Bxf6 Nxf6 37. g5 Qa7+ 38. Kg2 Qb7+ 39. Kh2 hxg5 40. fxg5 Nh7 41. Re8+ Nf8 42. Bc2 Rh4 43. Bf5 Qf3 44. Qe6+ 1-0

[Event "Al Ain op 4th"]
[Site "Al Ain"]
[Date "2015.12.25"]
[Round "3"]
[White "Malakhatko, Vadim"]
[Black "Zhigalko, Sergei"]
[Result "1/2-1/2"]
[WhiteElo "2531"]
[BlackElo "2655"]
[PlyCount "98"]
[EventDate "2015.12.23"]
[EventType "swiss"]
[EventRounds "9"]
[EventCountry "UAE"]
[SourceTitle "CBM 170 Extra"]
[Source "ChessBase"]
[SourceDate "2016.02.25"]
[SourceVersion "1"]
[SourceVersionDate "2016.02.25"]
[SourceQuality "1"]

1. d4 Nf6 2. c4 e6 3. Nc3 Bb4 4. Qc2 O-O 5. a3 Bxc3+ 6. Qxc3 d6 7. Nf3 b6 8. g3 Bb7 9. Bg2 Nbd7 10. O-O Qe7 11. b4 c5 12. Bb2 cxd4 13. Qxd4 e5 14. Qd1 Rfc8 15. Rc1 a6 16. Nh4 Bxg2 17. Nxg2 Qe6 18. Ne3 b5 19. Qd3 bxc4 20. Nxc4 d5 21. Na5 h5 22. Rxc8+ Rxc8 23. Rc1 Rxc1+ 24. Bxc1 h4 25. Nb3 d4 26. Nd2 Nb6 27. Ne4 Nxe4 28. Qxe4 h3 29. f3 Nd5 30. Kf2 Nc3 31. Qd3 f5 32. Bb2 Nd5 33. Bc1 Nc3 34. Bb2 Nb5 35. a4 Nd6 36. b5 axb5 37. axb5 Nc4 38. Qb3 Kf7 39. Ba1 g5 40. Qa2 f4 41. Qa7+ Kf6 42. g4 Qb6 43. Qxb6+ Nxb6 44. Bb2 Kf7 45. Ba3 Ke6 46. Bc5 Nd7 47. Bb4 Kd5 48. Be7 Kc4 49. Bxg5 Kxb5 1/2-1/2